000 01069cam a2200349 a 4500
001 8938
003 FISKH
005 20251110161600.0
008 970310s1998 mnua b b 001 0 eng
010 _a 97012205
020 _a1560655747
020 _a9780736880718
020 _a9781560655749
040 _aDLC
_cDLC
_dDLC
_beng
050 0 0 _aQL737.C432
_bH64 1998
082 0 0 _a599.53
_221
100 1 _aHolmes, Kevin J.
245 1 0 _aDolphins /
_cby Kevin Holmes.
260 _aMankato, Minn. :
_bBridgestone Books,
_c1998.
300 _a24 pages :
_bcolor illustrations ;
_c22 cm
490 1 _aAnimals
504 _aIncludes bibliographical references (p. 23) and index.
505 _aJ
520 _aAn introduction to dolphins, covering their physical characteristics, habits, prey, and relationship to humans.
521 8 _a500
_bLexile IG
521 8 _aJ
_bRaz-Plus
650 0 _aDolphins
_xJuvenile literature.
650 1 _aDolphins.
906 _a7
_bcbc
_corignew
_d1
_eocip
_f19
_gy-gencatlg
942 _2ddc
_cBK
_n0
999 _c8938
_d8938